|
|
|
|
| LEADER |
01243nam a2200325Ia 4500 |
| 001 |
EBC183441 |
| 003 |
MiAaPQ |
| 005 |
20200520144314.0 |
| 006 |
m o d | |
| 007 |
cr cn||||||||| |
| 008 |
030613s2005 enk sb 001 0 eng d |
| 020 |
|
|
|z 0203698967
|
| 035 |
|
|
|a (MiAaPQ)EBC183441
|
| 035 |
|
|
|a (Au-PeEL)EBL183441
|
| 035 |
|
|
|a (CaPaEBR)ebr10094708
|
| 035 |
|
|
|a (CaONFJC)MIL10268
|
| 035 |
|
|
|a (OCoLC)475900100
|
| 040 |
|
|
|a MiAaPQ
|c MiAaPQ
|d MiAaPQ
|
| 050 |
|
4 |
|a HC460.5
|b .H83 2005
|
| 100 |
1 |
|
|a Huang, Xiaoming.
|
| 245 |
1 |
4 |
|a The rise and fall of the East Asian growth system, 1951-2000
|h [electronic resource] :
|b institutional competitiveness and rapid economic growth /
|c Xiaoming Huang.
|
| 260 |
|
|
|a London ;
|a New York :
|b RoutledgeCurzon,
|c 2005.
|
| 300 |
|
|
|a xx, 279 p.
|
| 504 |
|
|
|a Includes bibliography and index.
|
| 533 |
|
|
|a Electronic reproduction. Ann Arbor, MI : ProQuest, 2015. Available via World Wide Web. Access may be limited to ProQuest affiliated libraries.
|
| 650 |
|
0 |
|a Economic history.
|
| 651 |
|
0 |
|a East Asia
|x Economic conditions.
|
| 655 |
|
4 |
|a Electronic books.
|
| 710 |
2 |
|
|a ProQuest (Firm)
|
| 856 |
4 |
0 |
|u https://ebookcentral.proquest.com/lib/matrademy/detail.action?docID=183441
|z Click to View
|